Corporate Demons: (Record no. 206041)

MARC details
000 -LEADER
fixed length control field 00702nam a22002057a 4500
005 - DATE AND TIME OF LATEST TRANSACTION
control field 20241001123326.0
010 ## - LCCN (DPL NO)
LC control number ENG-141855
020 ## - INTERNATIONAL STANDARD BOOK NUMBER
International Standard Book Number 9789390869664
Terms of availability 450.00
035 ## - SYSTEM CONTROL NUMBER
System control number EN-125387
037 ## - SOURCE OF ACQUISITION
Source of stock number/acquisition DBAD
082 ## - DEWEY DECIMAL CLASSIFICATION NUMBER
Classification number 370.15
Edition number 1
100 ## - MAIN ENTRY--PERSONAL NAME
Personal name Gupta, Ajay
245 ## - TITLE STATEMENT
Title Corporate Demons:
Remainder of title Creating Catalyst Leaders/
Statement of responsibility, etc By Ajay Gupta
250 ## - EDITION STATEMENT
Edition statement 1
260 ## - PUBLICATION, DISTRIBUTION, ETC. (IMPRINT)
Name of publisher, distributor, etc Vishwakarma Publications
Date of publication, distribution, etc 2022
Place of publication, distribution, etc Maharashtra
270 ## - ADDRESS
Address 34A/1, Suyog Center, 7th floor, Gultekedi Marketyard Road, Giridhar Bhavan Chowk,
Postal code 411037
City Pune
Electronic mail address info@vpindia.co.in
Telephone number 9168682200
300 ## - PHYSICAL DESCRIPTION
Extent 292p.
Dimensions 22cm (pb)
500 ## - GENERAL NOTE
General note A Book on Organisational Psychology
942 ## - ADDED ENTRY ELEMENTS (KOHA)
Source of classification or shelving scheme Dewey Decimal Classification
Item type English Books
Classification part 370.15
Call number suffix GUP
Holdings
Withdrawn status Lost status Not for loan Collection code Home library Current library Date acquired Source of acquisition Cost, normal purchase price Full call number Barcode Copy number Cost, replacement price Koha item type
      Non-fiction Patel Nagar Patel Nagar 01/10/2024 Delivery of Books Act Division 450.00 370.15 GUP EN-125387 1 450.00 English Books

© Delhi Public Library
Hit Counter
free hit counter